000 00791nam a2200253 i 4500
003 OSt
005 20210818181806.0
008 930722r19951993ck a jr 00011 spa d
020 _a9582401184
040 _bspa
_aCOMFC
_erda
041 0 _aspa
100 1 _aFornaguera de Roda, María,
_d1927-
_eaut
245 1 4 _aUna canción en línea de fuego
_cMaria Fornaguera ; ilustraciones Marcos Roda
264 0 1 _aBogotá
_bAlfaguara
_bSantillana
_c1993
300 _a223 páginas
_bilustraciones
_c20 cm.
336 _2rdacontent
_atxt
337 _2rdamedia
_an
338 _2rdacarrier
_anc
490 _aJuvenil Alfaguara
700 1 _aRoda, Marcos,
_eill
082 0 4 _a863
_bF727c
650 6 _aNovela juvenil colombiana.
942 _2ddc
_h863 F727c
_k863
_mF727c
999 _c12526
_d12526